[Event "Vinnytsia Olkhovsky Memorial 8th"]
[Site "Vinnytsia"]
[Date "2021.07.10"]
[Round "3"]
[White "Ponyatyscyn, Yaroslav"]
[Black "Paryokha, Ivan"]
[Result "1-0"]
[WhiteElo "2146"]
[BlackElo "1341"]
[PlyCount "71"]
[EventDate "2021.07.10"]
[EventType "swiss (rapid)"]
[EventRounds "9"]
[EventCountry "UKR"]
[SourceTitle "CBM 203 Extra"]
[Source "ChessBase"]
[SourceDate "2021.09.30"]
[SourceVersion "1"]
[SourceVersionDate "2021.09.30"]
[SourceQuality "1"]

1. e4 e5 2. Nf3 Nc6 3. d4 exd4 4. Nxd4 Nxd4 5. Qxd4 Qf6 6. e5 Qb6 7. Be3 Qxd4 8. Bxd4 Ne7 9. Nd2 Nc6 10. Bc3 b6 11. Bd3 Bb7 12. 0-0 0-0-0 13. Ne4 Bb4 14. f4 Bxc3 15. Nxc3 d6 16. exd6 Rxd6 17. Rae1 Rhd8 18. Ne4 R6d7 19. Ng5 Kb8 20. Bxh7 Rd2 21. Rf2 Na5 22. Bd3 Rxf2 23. Kxf2 f6 24. Ne6 Rg8 25. Nxg7 a6 26. Re8+ Rxe8 27. Nxe8 f5 28. Ng7 Nc6 29. c3 Kc8 30. Bxf5+ Kd8 31. Be4 Ke7 32. g4 Kd6 33. Ne8+ Kd7 34. Nf6+ Kd6 35. g5 Bc8 36. Bxc6 1-0

[Event "Vinnytsia Olkhovsky Memorial 8th"]
[Site "Vinnytsia"]
[Date "2021.07.10"]
[Round "2"]
[White "Shaboldov, Oleksandr"]
[Black "Ponyatyscyn, Yaroslav"]
[Result "0-1"]
[WhiteElo "1744"]
[BlackElo "2146"]
[PlyCount "62"]
[EventDate "2021.07.10"]
[EventType "swiss (rapid)"]
[EventRounds "9"]
[EventCountry "UKR"]
[SourceTitle "CBM 203 Extra"]
[Source "ChessBase"]
[SourceDate "2021.09.30"]
[SourceVersion "1"]
[SourceVersionDate "2021.09.30"]
[SourceQuality "1"]

1. d4 e6 2. g3 Nf6 3. Bg2 Be7 4. Nf3 0-0 5. 0-0 d5 6. Nbd2 b6 7. c4 Bb7 8. cxd5 Bxd5 9. Re1 c5 10. e4 Bb7 11. e5 Nd5 12. dxc5 Bxc5 13. Nb3 Be7 14. Qe2 Nd7 15. Nfd4 Nc5 16. Nxc5 Bxc5 17. Nb3 Bb4 18. Bd2 Bxd2 19. Qxd2 Rc8 20. Rad1 Qe7 21. Rc1 h6 22. Nd4 a6 23. f4 Rfd8 24. Qf2 Nb4 25. Bxb7 Qxb7 26. Rxc8 Qxc8 27. Qe3 Nxa2 28. Ra1 Qc5 29. Rxa2 Rxd4 30. b3 Rd1+ 31. Kf2 Rf1+ 0-1

[Event "Shepetivka op"]
[Site "Shepetivka"]
[Date "2011.08.20"]
[Round "8"]
[White "Ponyatyscyn, Yaroslav"]
[Black "Khrinovskyi, Oleksiy"]
[Result "1/2-1/2"]
[WhiteElo "2234"]
[BlackElo "2106"]
[PlyCount "100"]
[EventDate "2011.08.17"]
[EventType "swiss"]
[EventRounds "9"]
[EventCountry "UKR"]
[SourceTitle "EXT 2012"]
[Source "ChessBase"]
[SourceDate "2011.11.24"]
[SourceVersion "1"]
[SourceVersionDate "2011.11.24"]
[SourceQuality "1"]

1. e4 c6 2. d4 d5 3. Nd2 dxe4 4. Nxe4 Nf6 5. Nxf6+ exf6 6. Bc4 Qe7+ 7. Qe2 Be6 8. Bb3 Nd7 9. Bf4 Nb6 10. Nf3 Bd5 11. Qxe7+ Bxe7 12. 0-0-0 Kd7 13. Nd2 Bxb3 14. Nxb3 Rad8 15. Rhe1 Rhe8 16. Na5 Kc8 17. a3 g5 18. Bg3 f5 19. f3 Bf6 20. c3 h5 21. Rxe8 Rxe8 22. Re1 Rxe1+ 23. Bxe1 Nd5 24. Bd2 g4 25. Kc2 Bd8 26. Nb3 Bc7 27. h3 Ne7 28. Kd3 Ng6 29. Ke2 Bg3 30. Nc5 Nh4 31. hxg4 hxg4 32. fxg4 fxg4 33. Ne4 Bc7 34. g3 Nf5 35. Kf2 Kd7 36. Nf6+ Ke6 37. Nxg4 Nxg3 38. Kf3 Nf1 39. Bh6 Nh2+ 40. Nxh2 Bxh2 41. c4 Kf5 42. Be3 a6 43. b3 Bd6 44. a4 Be7 45. Bf2 Bf8 46. Be3 Bg7 47. Bf2 Bh6 48. Bg3 Ke6 49. Ke4 f5+ 50. Kf3 Bf8 1/2-1/2

[Event "Shepetivka op"]
[Site "Shepetivka"]
[Date "2011.08.18"]
[Round "3"]
[White "Vovk, Viktor"]
[Black "Ponyatyscyn, Yaroslav"]
[Result "0-1"]
[WhiteElo "1983"]
[BlackElo "2234"]
[PlyCount "64"]
[EventDate "2011.08.17"]
[EventType "swiss"]
[EventRounds "9"]
[EventCountry "UKR"]
[SourceTitle "EXT 2012"]
[Source "ChessBase"]
[SourceDate "2011.11.24"]
[SourceVersion "1"]
[SourceVersionDate "2011.11.24"]
[SourceQuality "1"]

1. Nc3 e6 2. e3 d5 3. Nf3 c5 4. g3 Nc6 5. Bg2 Nf6 6. d4 Bd6 7. dxc5 Bxc5 8. 0-0 0-0 9. a3 Bd7 10. b4 Be7 11. Bb2 Rc8 12. Ne2 Ne4 13. Rc1 Nd6 14. Nd2 a5 15. c3 Bf6 16. Ba1 Ne5 17. e4 dxe4 18. Nxe4 Nxe4 19. Bxe4 Bb5 20. Re1 Qb6 21. c4 Bxc4 22. Bd4 Qa6 23. Bc5 Rfd8 24. Qc2 Bd3 25. f4 Bxc2 26. fxe5 Bxe4 27. exf6 gxf6 28. Nf4 f5 29. Nh5 Rd2 30. Bf2 Rxc1 31. Rxc1 Bc6 32. b5 Qxb5 0-1

[Event "Shepetivka op"]
[Site "Shepetivka"]
[Date "2011.08.17"]
[Round "1"]
[White "Gavriliuk, Alexandr"]
[Black "Ponyatyscyn, Yaroslav"]
[Result "0-1"]
[WhiteElo "1864"]
[BlackElo "2234"]
[PlyCount "76"]
[EventDate "2011.08.17"]
[EventType "swiss"]
[EventRounds "9"]
[EventCountry "UKR"]
[SourceTitle "EXT 2012"]
[Source "ChessBase"]
[SourceDate "2011.11.24"]
[SourceVersion "1"]
[SourceVersionDate "2011.11.24"]
[SourceQuality "1"]

1. e4 e6 2. d4 d5 3. Nd2 Nf6 4. e5 Nfd7 5. Bd3 c5 6. c3 Nc6 7. Ne2 Qb6 8. Nf3 cxd4 9. cxd4 f6 10. exf6 Nxf6 11. 0-0 Bd6 12. Re1 0-0 13. a3 Bd7 14. Bc2 Rae8 15. Nc3 Kh8 16. Qd3 g6 17. Bh6 Ng4 18. Bxf8 Rxf8 19. h3 Nxf2 20. Kxf2 Nxd4 21. Kf1 e5 22. Rad1 Bf5 23. Qe3 Bxc2 24. Rxd4 exd4 25. Qd2 Bb3 26. Ne2 Bc4 27. Kg1 Rxf3 28. gxf3 d3+ 29. Kg2 dxe2 30. Qc3+ Kg8 31. Qf6 Bc5 32. Qe5 Qc6 33. Qb8+ Kg7 34. Qe5+ Qf6 35. Qc7+ Qe7 36. Qf4 Be3 37. Qg4 h5 38. Qg3 d4 0-1